00570 2200205 4500001002100000005001500021035002000036007000300056008004100059020001800100082001400118084002000132100001700152245008000169250001000249260003300259300003600292650002000328990001600348INLIS00000000000155320180213032302 a0010-0218000148ta180213 f 0 ind  a979-8321-71-5 a297.673 4 a297.673 4 HAS d0 aHASAN.Hanafi1 aDari Akidah ke Revolusi :bSikap Kita Terhadap Tradisi Lama /cHasan Hanafi acet 1 ajakarta :bParamadina,c2003 axxxviii,387 hlm ;c17,5 x 24 cm aAkidah Revolusi a626.203.168